Escudos de Seleções Nacionais de Futebol - Statistics

Estatísticas Gerais
  • Esse quiz foi jogado 46 262 vezes
  • A pontuação média é 17 de 20
Estatísticas das Respostas
Imagem Resposta % Correto
Alemanha
99%
Itália
99%
Brasil
98%
Turquia
98%
Bélgica
97%
Portugal
96%
Espanha
95%
França
94%
Grécia
94%
Suécia
94%
Inglaterra
92%
Austrália
88%
Uruguai
88%
Rússia
87%
Países Baixos
84%
Estados Unidos
80%
Peru
80%
Equador
69%
África do Sul
32%
Vietnã
29%
Nenhum quiz correspondente encontrado
Distribuição das Pontuações
Porcentagem de Pessoas com Cada Pontuação
Percentil de Números Respondidos
Sua Pontuação Histórica
Você não jogou esse quiz